000 02164nac a2200289 a 4500
003 CO-PeBPM
005 20250830091656.0
007 ta
008 250830s1997 ck a|||| |||| 00| 0 spa d
020 _a9582003073
040 _aCO-PeBPM
_bspa
_cCO-PeBPM
_erda
041 _aspa
082 0 4 _a808.831 ó69ó
_222
100 1 _aOrjuela Duarte, Celedonio
_eautor
245 1 0 _aOfrendas y tentaciones
_c/ Celedonio Orjuela Duarte; ilustraciones Luis Aurelio Durán.
250 _aPrimera edición
260 _aBogotá, Colombia
_b : Magisterio
_c, 1997
300 _a137 páginas
_bilustraciones en blanco y negro
_c19 centímetros
490 _aColección Montaña Mágica
_v38
500 _aIncluye índice al final del texto
505 _aAnacleto Morones / Juan Rulfo ; La ofrenda de piedra / Ciro Alegría ; El Milagro / Manuel Mejía Vallejo ; El crepúsculo del diablo / Rómulo Gallegos ; El demonio tentador ; La profecía del prisionero / Giovanni Papini ; Un robo / Miguel Torga.
520 _aEl momento en el que en verdad declaramos al diablo nuestro enemigo, es cuando hacemos la primera comunión.Es ahí en esa primera confesión ante el presbítero, quien por demás, se ríe de nuestros inocentes pecados, cuando el demonio toma corporeidad de mil maneras. De igual forma encontramos, en la imaginaria religiosa, la presencia de vírgenes que a su paso por la tierra se han dedicado a impartir protección. Éstas han sido presencias permanentes en la narrativa, por ser historias que se vuelven mitos en las creencias populares.Es ahí en esa primera confesión ante el presbítero, quien por demás, se ríe de nuestros inocentes pecados, cuando el demonio toma corporeidad de mil maneras. De igual forma encontramos, en la imaginaria religiosa, la presencia de vírgenes que a su paso por la tierra se han dedicado a impartir protección. Éstas han sido presencias permanentes en la narrativa, por ser historias que se vuelven mitos en las creencias populares.
650 1 4 _aCuentos Latinoamericanos - Colecciones
_2LEMB
650 1 4 _aLeyendas - Cuentos
_2LEMB
700 1 _aDurán, Luis Aurelio
_eilustraciones
942 _2ddc
_cLIT
_n0
999 _c61227
_d61227